000 00791nam a22002177a 4500
005 20170713143530.0
010 _aENG-119174
020 _a9788175418226
_c750.00
035 _aEN-102706
037 _bDBAD/PUB
082 _a382.609595
100 _aSaad Dubayyan Alshmmari
245 _aInternational marketing strategy and export performance :
_cby Saad Dubayyan Alshmmari,Rabiul Islam [and] Ahmad Bashawir Ghani
_bwith special refernces ti Malaysia /
260 _aDelhi
_bShipra Publications
_c2015
270 _aLG-18-19,Pankaj Central Market,I.P.Ext. Patparganj
_bDelhi
_e110092
300 _avii,146p.
_c23cm(Hb)
500 _aIncludes references and index
700 _aRabiul Islam
700 _a Ahmad Bashawir Ghani
942 _2ddc
_cEN
_h382.609595
_mSAA
999 _c142540
_d142540